| 000 | 00657nam a2200241Ia 4500 | ||
|---|---|---|---|
| 999 |
_c55662 _d55662 |
||
| 001 | 22757 | ||
| 003 | GE_BSU | ||
| 005 | 20220527132649.0 | ||
| 008 | 181216s2015||||gw |||||||||||||| ||gem|| | ||
| 020 | _a9783823369424 | ||
| 040 | _cGE_BSU | ||
| 041 | _agem | ||
| 080 | _a81 S-58 | ||
| 100 |
_aSiever, Holger _913863 |
||
| 245 |
_aÜberSetzungs-wissenschaft : _bEine Einfuhrung / _cHolger Siever |
||
| 264 |
_aTubingen : _bNarr Francke Attempto Verlag, _c2015. |
||
| 300 |
_a238 p. ; _b23 cm. |
||
| 653 | _aEine Einfuhrung | ||
| 653 | _aÜberSetzungswissenschaft | ||
| 653 | _aПеревод | ||
| 653 | _aთარგმანი | ||
| 942 |
_cBK _2udc |
||